00993nam a2200217 i 4500001000700000003000900007005001700016008004100033245021300074260004400287300002900331490008600360651004200446651004800488651003600536700003500572700003000607710003100637830008600668852002100754184703ES-MaACL20250902131139.0151116s1918 sp |||| | spa d00aGobernación del Tucumán : bcorrespondencia de los Cabildos en el siglo XVI : documentos del Archivo de Indias / cpublicación dirigida por Roberto Levillier ; prólogo de Adolfo Rodríguez del Busto. aBuenos Aires : bMunicipalidad, c1918. aXXIII, 501 p. ; c23 cm.1 aColección de publicaciones históricas de la Biblioteca del Congreso argentino 4aTucumán (Gobernación)-xHistoria. 4aArgentina-xHistoria-y1535-1617-vFuentes. 4aSantiago del Estero-xHistoria.1 aLevillier, Roberto,d1886-19690 aRodríguez del Busto, A.2 aArchivo General de Indias.0 aColección de publicaciones históricas de la Biblioteca del Congreso argentino aES-MaACLjC-7170